| 000 | 00629nam a22001937a 4500 | ||
|---|---|---|---|
| 003 | OSt | ||
| 005 | 20160106143917.0 | ||
| 008 | 130628t xxu||||| |||| 00| 0 eng d | ||
| 050 |
_aQA 273 _b.In61P1 2009 |
||
| 110 |
_aInternational Baccalaureate Organization _9203 |
||
| 245 |
_a2009 practice examination for use with the IB diploma programme : _bmathematical studies sl paper 1 |
||
| 260 |
_bInternational Baccalaureate Organization, _cc2009. _a[S.I.] : |
||
| 300 |
_c30 cm. _a16 leaves ; _bill. : |
||
| 562 | _e4 | ||
| 650 |
_aExamination paper _xMathematics _914532 |
||
| 942 |
_2lcc _cBK |
||
| 999 |
_c3327 _d3327 |
||